|
|
|
|
| LEADER |
00000cam a2200000 a 4500 |
| 001 |
76326 |
| 005 |
20230308172649.0 |
| 008 |
000000|1960 ||||||||r|||||||||||spa|| |
| 040 |
|
|
|b spa
|
| 041 |
1 |
|
|a spa
|
| 082 |
0 |
|
|a 304.6
|
| 100 |
1 |
|
|a Loyo, Gilberto
|9 66788
|
| 245 |
|
|
|a La población de México: estado actual y tendencias
|c Gilberto Loyo
|h imp
|
| 264 |
|
|
|a México
|b Cultura
|c 1960
|
| 300 |
|
|
|a 151 páginas:
|c 22 cm
|
| 504 |
|
|
|a incl. ref.
|
| 650 |
|
0 |
|a Demografía
|9 7203
|
| 650 |
|
0 |
|a Población
|9 2537
|
| 650 |
|
0 |
|a Migracion interna
|9 24281
|
| 650 |
|
|
|a Poblacion urbana
|9 7468
|
| 650 |
|
4 |
|a Población rural
|9 19111
|
| 852 |
|
|
|a UC-CDJBV
|c ESTANTERIA CERRADA
|f Compra
|k sara.alvarado
|l 1
|m General
|p 00000000
|r 2
|t 76326
|b 0
|d CDRC
|e CDRC
|g 304.6 ESTANTERIA CERRADA
|z 0000-00-00
|
| 942 |
|
|
|c BK
|
| 999 |
|
|
|c 40537
|d 40537
|